Perintah-Perintah Am & Arahan Pentadbiran : Mengandungi Perintah-Perintah Am; Peraturan-Peraturan Lembaga Tatatertib Perkhidmatan Awam 1993; Akta Prosedur Kewangan 1957;Panduan Pengurusan Pejabat; Tatacara Pengurusan Stor; Sukatan Peperiksaan Undang-Undang Kerajaan :

Bibliographic Details
Corporate Author: MALAYSIA
Format: Book
Published: Kuala Lumpur : International Law Book Services , 2011
Series:Undang-undang Malaysia
Subjects:

MARC

LEADER 00000cam a2200000 7i4500
001 0000003879
005 20110803.0
020 0 0 |a 9789678921671 
090 0 0 |a R354.595001   |b MAL 2011 
110 1 0 |a MALAYSIA 
245 1 0 |a Perintah-Perintah Am & Arahan Pentadbiran :   |b Mengandungi Perintah-Perintah Am; Peraturan-Peraturan Lembaga Tatatertib Perkhidmatan Awam 1993; Akta Prosedur Kewangan 1957;Panduan Pengurusan Pejabat; Tatacara Pengurusan Stor; Sukatan Peperiksaan Undang-Undang Kerajaan :   |b (hingga 10hb Februari 2011   |c disusun oleh Lembaga Penyelidikan Undang-Undang 
260 0 0 |a Kuala Lumpur :   |b International Law Book Services ,   |c 2011 
300 |a iv,1082 p. ;   |c 24 cm. 
440 0 0 |a Undang-undang Malaysia 
650 0 0 |a Administrative agencies   |z Malaysia   |x Rules and practice 
650 0 0 |a Administrative procedure   |z Malaysia 
650 0 0 |a Civil service ethics   |z Malaysia 
998 |a JPSM 
999 |a 007665   |b Monograph   |c Reference   |e Default branch